Les 15 meilleurs livres germanophones - Statistiques

Statistiques générales
  • Ce quiz a été pris 16 fois
  • Le résultat moyen est 6 sur 15
Statistiques - réponses
Réponse % Correct
2eme La métamorphose
78%
6eme Le procès
78%
7eme Les souffrances du jeune Werther
67%
8eme Ainsi parlait Zarathoustra
56%
12eme Le château
56%
3eme Le loup des steppes
56%
9eme A l'ouest rien de nouveau
44%
4eme Le joueur d'échecs
33%
1er Le parfum
33%
15eme Contes de Grimm
22%
11eme La confusion des sentiments
22%
13eme La mort à Venise
22%
5eme Lettre d'une inconnue
22%
10eme Lettres à un jeune poète
11%
14eme Vingt-quatre heures de la vie d'une femme
11%
Aucun quiz correspondant
Distribution des résultats
% des personnes avec chaque résultat
Percentile par nombre de réponses
Votre historique - résultats
Vous n’avez pas pris ce quiz